| 000 | 01092nam a2200301 a 4500 | ||
|---|---|---|---|
| 001 | 000016228 | ||
| 003 | OSt | ||
| 005 | 20201013113850.0 | ||
| 008 | 100301d1956 dr f001 0 spa d | ||
| 040 |
_aDO-SdBNP _bspa _cBNPHU |
||
| 049 | _aBNPD | ||
| 082 |
_a347.7293 _bR426c, 1956 |
||
| 110 | 1 |
_aRepública Dominicana. _9447 |
|
| 240 | 1 | 0 | _aCódigo de Procedimiento Civil |
| 245 | 1 | 0 |
_aCódigo de procedimiento civil y legislación complementaria / _cprólogo F. Tavárez Hijo. |
| 250 | _a3ª ed. | ||
| 260 |
_aCiudad Trujillo, República Dominicana : _bLibrería Dominicana, _c1956. |
||
| 300 |
_axv,375 p. ; _c24 cm. |
||
| 504 | _aIncluye bibliografía y notas al pie de páginas. | ||
| 590 | _aInventariado, 2020 / DG | ||
| 650 | 4 |
_aDerecho civil _xLegislación _zRepública Dominicana _96943 |
|
| 650 | 4 |
_aProcedimiento civil _xLegislación _zRepública Dominicana _911714 |
|
| 650 | 4 |
_aLeyes _zRepública Dominicana _93033 |
|
| 700 | 1 |
_aTavárez, F., _cHijo, _epról. _936278 |
|
| 900 | _aInventariado, 2020 / DG | ||
| 910 | _aValidado. Control de calidad EMS | ||
| 942 |
_2ddc _cLF1 |
||
| 999 |
_c15766 _d15766 |
||